Score 0/7 Timer 03:00
0 Plays Today
Question Answer Wrong Answers
Bridge over Troubled Water, the final studio album by _________, is released.
1970
Simon & Garfunkel
92.1%
Van Morrison
2.4%
Janis Joplin
2.7%
Jethro Tull
1.2%
The largest _______ ever found, known as 'The Cullinan', is discovered in a mine near Pretoria, South Africa.
1905
Diamond
89.7%
Dinosaur Fossil
6.7%
Subterranean Cave
2.2%
Insect Species
1%
This American comedian, voice of the title character in Finding Dory, is born in Metairie, Louisiana.
1958
Ellen Degeneres
87.7%
Amy Poehler
4.1%
Julia Louis-Dreyfus
4.1%
Kathy Griffin
2.6%
This woman is sworn in as United States' first female African American Secretary of State.
2005
Condoleezza Rice
86.5%
Madeleine Albright
8.9%
Maxine Waters
1.3%
Shirley Chisholm
1.7%
Stanislaus I, born Stanisław Leszczyński, abdicates the throne of _______.
1736
Poland
81.8%
Denmark
4.8%
Russia
10.1%
Finland
3.3%
The Chicago Bears, led by this coach, win Super Bowl XX 46-10 over the New England Patriots.
1986
Mike Ditka
75.6%
Raymond Berry
6.4%
Bill Parcells
8.9%
George Halas
7.5%
_________ National Park, situated between Estes Park & Grand Lake in Colorado, is established by President Woodrow Wilson.
1915
Rocky Mountain
64.8%
Bryce Canyon
12.4%
North Cascades
3%
Grand Teton
18.7%
Remove Ads.
Support Sporcle.
Get the best of Sporcle when you Go Orange. This ad-free experience offers more features, more stats, and more fun while also helping to support Sporcle. Thank you for becoming a member.

You're not logged in!

Compare scores with friends on all Sporcle quizzes.
OR
Log In

Show Comments

Extras

Top Quizzes Today


Score Distribution

Your Account Isn't Verified!

In order to create a playlist on Sporcle, you need to verify the email address you used during registration. Go to your Sporcle Settings to finish the process.

Report this User

Report this user for behavior that violates our Community Guidelines.

Details: